Z protifašistického odboja mládeže

Bibliographic Details
Main Author: Korimová, Gabriela, 1951- (Author)
Format: Article
Language:Slovak
PhysicalDescription:Obr. 1.
Subjects:

MARC

LEADER 00000nab a2200000 a 4500
001 vtls000128234
003 SK-MaSNL
005 20260303032427.0
008 140402c1982 xo 0 slo
015 |a SNBRB19rr/mm-uuuuu 
035 |a CL0138339 
040 |a SNKBUCL  |b slo  |c SNKBUCL  |e AACR2 
041 0 |a slo 
044 |a xo  |c SK 
080 |a 329.75  |2 1981 
080 |a 943.76  |2 1981 
080 |a 329.78  |2 1981 
100 1 |a Korimová, Gabriela,  |d 1951-  |4 aut  |9 217450 
245 1 0 |a Z protifašistického odboja mládeže  |c Gabriela Korimová 
300 |b Obr. 1. 
650 0 7 |a protifašistický odboj  |2 snkbucl  |9 4751 
650 0 7 |a národnooslobodzovacie boje  |2 snkbucl  |9 29313 
655 7 |a články z novín a časopisov  |2 snkbucl  |9 267496 
773 0 |t Bojovník  |g Roč. 27, č. 42 (1982), s. 5 
850 |a Slovenská národná knižnica v Martine  |a MTA001 
852 |a SNK  |b KIS3GCP 
958 |a OS 
958 |a RK 
992 |a RBX 
999 |c 1664377  |d 1666307